Statistiques concernant 4ALCO 2

Cliquez ici pour prendre le quiz!

Statistiques générales

  • Ce quiz a été pris 17 fois
    (5 depuis la dernière actualisation)
  • Le résultat moyen est 13 sur 22

Statistiques - réponses

HintRéponse% Correct
Applique la règle des 100 kmMatteo Garino
100%
S'endort chez le president du BDEGabriel Drapeau
80%
A eu 3 meufs en meme tempsKylian
80%
Aime ce qui finit en iAlban
60%
Aime bien dormir à la doutreAlex
60%
En GBS il fait ses coursesAuxence
60%
GauchoBasile
60%
Graffeur proDamien
60%
Il a baisé sur une plageElouan
60%
Crie plus vite que son ombreHugo
60%
Ne sort que aux afterworksJonas
60%
Boit pas pour pouvoir boire pendant 72 heuresKelvin
60%
N'a jamais réussi un controle de balleKieran
60%
Futur mari de la coloc de maelThomas
60%
A fait un limousin avec plaisirVictor Weller
60%
Possède un gros furetGabriel Chapeau
40%
A une bouteille dans le cerveauHakim
40%
Vient du TexasJad
40%
Ne verra jamais le ricard qu'il a gagnéLayth
40%
Le chouchou des GBSMael
40%
Dans le milieu comme IniestaMatteo Jupille
40%
Gagne à MPP avec chanceTheo
40%

Distribution des résultats

Percentile par nombre de réponses

% des personnes avec chaque résultat

Votre développement - résultats

Vous n’avez pas pris ce quiz depuis la dernière actualisation